000 00571nam a22002297a 4500
003 UA-OsUOA
001 71385
007 ta
008 20101022b un ||||| |||| 00| 0 ukr d
090 _a725(477)
_bН30
942 _cBK
040 _aUA-OsUOA
_bukr
_cUA-OsUOA
_dUA-OsUOA
245 _aНародне зодчество
_cПрибєга Л.
300 _a317 с.
955 _a2
041 _aukr
080 _a725(477)
020 _a978-966-577-044-2
260 _aК.
_bМистецтво
_c2009
650 7 _a72 Архітектура
_2UDC
999 _c357664
_d357664